000 00465nam a2200181 a 4500
001 1624
003 CO-ViMGA
008 141112s2004 ck r 000 u spa d
040 _aCO-ViMGA
_bspa
_cCO-ViMGA
082 0 4 _aA863.44 B415
100 1 _aBianciotti, Hector
_950080
245 1 0 _aSin la misericordia de cristo
260 _aBarcelona :
_bTus Quest,
_c1985
300 _a271 p
490 _aAndanzas, 58
650 1 4 _aNOVELA ARGENTINA
_92131
942 _2ddc
_cBK
999 _c13801
_d13801